000 01750nam a22005410a 4500
001 UByD001953
003 AR-LpoUNG
005 20241216113353.0
008 230910s2012||||ag |||||||||||||||||spa d
020 _a9789876305433
040 _aAR-LpoUNG
_bspa
_cAR-LpoUNG
_eaacr
041 _aspa
044 _aag
082 0 _a982.066 421his
100 1 _aScocco, Marianela
245 1 4 _aUna historia en movimiento :
_blas luchas por los derechos humanos en Rosario (1968-1985)
250 _a1ra. ed.
260 _aBuenos Aires :
_aLa Plata :
_aPosadas :
_bUniversidad Nacional de General Sarmiento ;
_bUniversidad Nacional de La Plata. Facultad de Humanidades y Ciencias de la Educación ;
_bUniversidad Nacional de Misiones,
_c2022.
300 _a378 p. :
_btbls.
490 0 _aEntre los libros de la buena memoria ;
_vno. 23
650 4 _aARGENTINA
650 4 _aANALISIS HISTORICO
650 4 _aANALISIS SOCIOLOGICO
650 4 _aASPECTOS JURIDICOS
650 4 _aHISTORIA POLITICA
650 4 _aHISTORIA SOCIAL
650 4 _aESTADO
650 4 _aVIOLENCIA
650 4 _aTERRORISMO
650 4 _aDERECHOS HUMANOS
650 4 _aDICTADURA
650 4 _aGOBIERNO MILITAR
650 4 _aSOCIEDAD CIVIL
650 4 _aCONFLICTOS SOCIALES
650 4 _aORGANIZACIONES ESTUDIANTILES
650 4 _aMOVIMIENTOS OBREROS
650 4 _aPRESO POLITICO
653 0 _aTERRORISMO DE ESTADO
653 0 _aPERSECUCION POLITICA
653 0 _aDESAPARECIDOS
653 0 _aMADRES DE PLAZA DE MAYO
653 0 _aABUELAS DE PLAZA DE MAYO
653 0 _aROSARIO
653 0 _aMEMORIA COLECTIVA
856 4 0 _uhttp://repositorio.ungs.edu.ar:8080/xmlui/handle/UNGS/711
_yTexto completo
905 _a62370
942 _cLIB
_2ddc
999 _c64466
_d64466